| 000 | 00480nam a22001817a 4500 | ||
|---|---|---|---|
| 003 | NUST - PNEC | ||
| 005 | 20170116180840.0 | ||
| 008 | 150819b xxu||||| |||| 00| 0 eng d | ||
| 020 | _a- | ||
| 040 | _cLIBRARY | ||
| 082 | _a547.84 MAR | ||
| 100 |
_95352 _aMark, Herman F. |
||
| 245 |
_aGiant molecules (Life Science Library) _cHerman F. Mark |
||
| 250 | _a2nd ed. | ||
| 260 |
_aHong-Kong: _bTime Life Books _cc1981. |
||
| 650 |
_95354 _aPolymer _xME _bPolymer |
||
| 942 |
_2ddc _cBK |
||
| 999 |
_c64398 _d64398 |
||